[Event "FRA-chT4 1415"]
[Site "Champagne Ardennes"]
[Date "2016.01.10"]
[Round "4"]
[White "Crepaux, Jean Marie"]
[Black "Gallant, Aurelien"]
[Result "0-1"]
[WhiteElo "1873"]
[BlackElo "2110"]
[PlyCount "72"]
[EventDate "2014.10.16"]
[EventType "team-tourn"]
[EventRounds "7"]
[EventCountry "FRA"]
[SourceTitle "EXT 2024"]
[Source "ChessBase"]
[SourceDate "2023.10.10"]
[SourceVersion "1"]
[SourceVersionDate "2023.10.10"]
[SourceQuality "1"]

1. e4 c5 2. Nf3 d6 3. d4 cxd4 4. Nxd4 Nf6 5. Nc3 a6 6. Be2 e5 7. Nb3 Be6 8. Be3 Nbd7 9. 0-0 Be7 10. Qd2 0-0 11. f3 b5 12. Rfd1 Nb6 13. Na5 Qc7 14. a3 d5 15. exd5 Nbxd5 16. Nxd5 Nxd5 17. Bf2 Nf4 18. Bd3 Rfd8 19. b4 Nxd3 20. cxd3 Rd5 21. Rac1 Qd7 22. Qe3 h6 23. Rc3 Bf5 24. Qb6 Bd8 25. Qb7 Qxb7 26. Nxb7 Bf6 27. Nc5 a5 28. Ne4 Be7 29. Bc5 axb4 30. axb4 Bxc5+ 31. Nxc5 Rd4 32. Rb3 Ra2 33. h3 g5 34. Kh2 h5 35. Rbb1 Rh4 36. Kg3 Rxh3+ 0-1

[Event "Sautron W op 02nd"]
[Site "Sautron"]
[Date "2014.05.31"]
[Round "3"]
[White "Gallant, Aurelien"]
[Black "Gao, Etienne"]
[Result "1-0"]
[WhiteElo "2095"]
[BlackElo "1665"]
[PlyCount "39"]
[EventDate "2014.05.28"]
[EventType "swiss"]
[EventRounds "6"]
[EventCountry "FRA"]
[SourceTitle "EXT 2016"]
[Source "ChessBase"]
[SourceDate "2015.10.08"]
[SourceVersion "1"]
[SourceVersionDate "2015.10.08"]
[SourceQuality "1"]

1. e4 c5 2. Nf3 d6 3. d4 cxd4 4. Nxd4 Nf6 5. Nc3 a6 6. Bg5 e6 7. f4 Nbd7 8. Qf3 Qc7 9. 0-0-0 b5 10. Bd3 Bb7 11. Rhe1 Be7 12. Nd5 Nxd5 13. exd5 Bxg5 14. Rxe6+ fxe6 15. Nxe6 Bxf4+ 16. Qxf4 Qb8 17. Qg5 Bxd5 18. Nxg7+ Kf8 19. Nf5 Bf7 20. Re1 1-0

[Event "Sautron W op 02nd"]
[Site "Sautron"]
[Date "2014.05.30"]
[Round "1"]
[White "Doluhanova, Evgeniya"]
[Black "Gallant, Aurelien"]
[Result "1-0"]
[WhiteElo "2336"]
[BlackElo "2095"]
[PlyCount "109"]
[EventDate "2014.05.28"]
[EventType "swiss"]
[EventRounds "6"]
[EventCountry "FRA"]
[SourceTitle "EXT 2016"]
[Source "ChessBase"]
[SourceDate "2015.10.08"]
[SourceVersion "1"]
[SourceVersionDate "2015.10.08"]
[SourceQuality "1"]

1. e4 c5 2. Nf3 d6 3. d4 cxd4 4. Nxd4 Nf6 5. Nc3 a6 6. Be3 e5 7. Nf3 Qc7 8. a4 Be6 9. a5 Nbd7 10. Be2 Be7 11. 0-0 0-0 12. Ng5 Bc4 13. Bxc4 Qxc4 14. Ra4 Qc6 15. Qe2 Rac8 16. Nf3 d5 17. exd5 Nxd5 18. Nxd5 Qxd5 19. Rd1 Qe6 20. b3 Rfd8 21. Raa1 h6 22. c4 Nb8 23. Bb6 Rxd1+ 24. Rxd1 Nc6 25. Qe4 Bb4 26. Qd5 Re8 27. Kf1 Qg6 28. Qd7 Re7 29. Qc8+ Kh7 30. Nh4 Qe6 31. Qxe6 Rxe6 32. Rd5 g6 33. Nf3 Kg7 34. Bc7 Bc3 35. Bb6 f5 36. Ne1 Kf7 37. Nd3 Bb4 38. Nxb4 Nxb4 39. Rd7+ Ke8 40. Rxb7 Nc6 41. Rc7 e4 42. g3 g5 43. Rc8+ Kf7 44. Rc7+ Kg6 45. Rd7 f4 46. Ke2 Kf5 47. gxf4 Kxf4 48. h3 Kf5 49. Bc7 h5 50. Rd5+ Kg6 51. Bd8 g4 52. hxg4 hxg4 53. Bc7 Rf6 54. Be5 Re6 55. Bf4 1-0

[Event "EU-Cup 29th"]
[Site "Rhodes"]
[Date "2013.10.26"]
[Round "7.6"]
[White "Gallant, Aurelien"]
[Black "Bellos, Ioannis"]
[Result "1/2-1/2"]
[WhiteElo "2124"]
[BlackElo "2044"]
[PlyCount "83"]
[EventDate "2013.10.20"]
[EventType "team-swiss"]
[EventRounds "7"]
[EventCountry "GRE"]
[SourceTitle "CBM 157"]
[Source "ChessBase"]
[SourceDate "2013.11.12"]
[SourceVersion "1"]
[SourceVersionDate "2013.11.12"]
[SourceQuality "1"]
[WhiteTeam "Sautron"]
[BlackTeam "Peristeriou"]
[WhiteTeamCountry "FRA"]
[BlackTeamCountry "GRE"]

1. e4 Nf6 2. e5 Nd5 3. d4 d6 4. c4 Nb6 5. exd6 exd6 6. Nc3 Nc6 7. h3 Bf5 8. Be3 Be7 9. Nf3 0-0 10. Be2 d5 11. c5 Nc4 12. Bxc4 dxc4 13. 0-0 Bd3 14. Re1 Bf6 15. Ne2 Nb4 16. Nf4 Nc2 17. Nxd3 cxd3 18. Qxd3 Nxa1 19. Rxa1 Qd5 20. b3 Rad8 21. Rc1 Rfe8 22. Qc4 Re6 23. Qxd5 Rxd5 24. Rc4 h6 25. Kf1 Bg5 26. Ke2 Rd8 27. Kd2 Bxe3+ 28. fxe3 Rg6 29. Ne1 Rd5 30. Kd3 Rf5 31. Rc2 Rf1 32. Nf3 Rd1+ 33. Ke2 Ra1 34. Kf2 Ra6 35. a4 Ra3 36. Nd2 Rf6+ 37. Ke2 Ra1 38. d5 Rg1 39. Kd3 Rd1 40. Ke2 Rg1 41. Kd3 Rd1 42. Kd4 1/2-1/2

[Event "EU-Cup 29th"]
[Site "Rhodes"]
[Date "2013.10.25"]
[Round "6.6"]
[White "Apaydin, Fethi"]
[Black "Gallant, Aurelien"]
[Result "1-0"]
[WhiteElo "2246"]
[BlackElo "2124"]
[PlyCount "67"]
[EventDate "2013.10.20"]
[EventType "team-swiss"]
[EventRounds "7"]
[EventCountry "GRE"]
[SourceTitle "CBM 157"]
[Source "ChessBase"]
[SourceDate "2013.11.12"]
[SourceVersion "1"]
[SourceVersionDate "2013.11.12"]
[SourceQuality "1"]
[WhiteTeam "BJK"]
[BlackTeam "Sautron"]
[WhiteTeamCountry "TUR"]
[BlackTeamCountry "FRA"]

1. e4 c5 2. Nc3 Nc6 3. g3 g6 4. Bg2 Bg7 5. d3 d6 6. f4 Nh6 7. Nf3 f5 8. 0-0 0-0 9. h3 Nf7 10. Be3 Nd4 11. exf5 gxf5 12. Rb1 Bd7 13. Ne2 e5 14. Nh4 Qe7 15. Nc3 exf4 16. Nd5 Qe6 17. Bxf4 Ne2+ 18. Kh2 Nxf4 19. Nxf4 Qh6 20. Nd5 Be5 21. Nxf5 Qg5 22. h4 Bxg3+ 23. Kg1 Bxh4 24. Nxh4 Kh8 25. Rf4 Be6 26. Nf3 Qxd5 27. Qe1 Rae8 28. Qh4 Rg8 29. Qf6+ Rg7 30. Re1 Ng5 31. Kf2 Nxf3 32. Rg4 Ree7 33. Rxg7 Rxg7 34. Bxf3 1-0

[Event "FRA-ch U26"]
[Site "Nantes"]
[Date "2013.03.24"]
[Round "8"]
[White "Sebag, Marie"]
[Black "Gallant, Aurelien"]
[Result "1-0"]
[WhiteElo "2504"]
[BlackElo "2220"]
[PlyCount "43"]
[EventDate "2013.03.23"]
[EventType "swiss"]
[EventRounds "9"]
[EventCountry "FRA"]
[SourceTitle "CBM 153 Extra"]
[Source "ChessBase"]
[SourceDate "2013.04.22"]
[SourceVersion "1"]
[SourceVersionDate "2013.04.22"]
[SourceQuality "1"]

1. e4 c5 2. c3 Nf6 3. e5 Nd5 4. d4 cxd4 5. Nf3 d6 6. cxd4 Nc6 7. Bc4 e6 8. 0-0 Be7 9. Qe2 0-0 10. Nc3 dxe5 11. dxe5 Nxc3 12. bxc3 Qc7 13. Bd3 g6 14. Bh6 Rd8 15. Rfe1 b6 16. h4 Bf8 17. Bxf8 Rxf8 18. Qe3 Ne7 19. Qh6 Nf5 20. Bxf5 exf5 21. Ng5 f6 22. exf6 1-0

[Event "Rohde op 12th"]
[Site "Sautron"]
[Date "2012.11.??"]
[Round "2"]
[White "Brard, Laurent"]
[Black "Gallant, Aurelien"]
[Result "1/2-1/2"]
[WhiteElo "1878"]
[BlackElo "2110"]
[PlyCount "47"]
[EventDate "2012.10.27"]
[EventType "swiss"]
[EventRounds "9"]
[EventCountry "FRA"]
[SourceTitle "EXT 2014"]
[Source "ChessBase"]
[SourceDate "2013.11.20"]
[SourceVersion "1"]
[SourceVersionDate "2013.11.20"]
[SourceQuality "1"]

1. d4 d5 2. c4 e6 3. cxd5 exd5 4. Nc3 Be7 5. Nf3 Nf6 6. Bg5 Nbd7 7. Qc2 0-0 8. e3 Re8 9. Bd3 c6 10. 0-0-0 Nf8 11. Bxf6 Bxf6 12. h3 Ng6 13. g4 Be6 14. Rdg1 c5 15. g5 cxd4 16. exd4 Be7 17. h4 Qc7 18. Kb1 Qf4 19. Rg3 Rac8 20. h5 Nf8 21. g6 fxg6 22. h6 gxh6 23. Bxg6 Kh8 24. Bd3 1/2-1/2

[Event "Rohde op 12th"]
[Site "Sautron"]
[Date "2012.11.??"]
[Round "3"]
[White "Gallant, Aurelien"]
[Black "Colas, Bruno"]
[Result "1-0"]
[WhiteElo "2110"]
[BlackElo "1594"]
[PlyCount "71"]
[EventDate "2012.10.27"]
[EventType "swiss"]
[EventRounds "9"]
[EventCountry "FRA"]
[SourceTitle "EXT 2014"]
[Source "ChessBase"]
[SourceDate "2013.11.20"]
[SourceVersion "1"]
[SourceVersionDate "2013.11.20"]
[SourceQuality "1"]

1. e4 c5 2. Nf3 Nc6 3. d4 cxd4 4. Nxd4 g6 5. c4 Bg7 6. Be3 Nf6 7. Nc3 0-0 8. Be2 b6 9. 0-0 Bb7 10. f3 Qc7 11. Rc1 Rad8 12. Nd5 Qb8 13. Nb5 Rc8 14. Bf4 d6 15. Nxe7+ Nxe7 16. Bxd6 Rfd8 17. Bxb8 Rxd1 18. Rfxd1 Rxb8 19. a3 Nc6 20. Rc2 Kf8 21. Nd6 Ne8 22. Nxb7 Rxb7 23. Rcd2 Ke7 24. f4 Bh6 25. g3 Rc7 26. b4 Bg7 27. Bg4 Nb8 28. Rd8 Nf6 29. Bf3 Nbd7 30. Ra8 h5 31. h3 Bf8 32. e5 Ne8 33. Bd5 Ng7 34. g4 Ne6 35. f5 Nd8 36. f6+ 1-0

[Event "FRA-chT1A 1112"]
[Site "France"]
[Date "2012.01.14"]
[Round "6.7"]
[White "Gallant, Aurelien"]
[Black "Picard, Clement"]
[Result "0-1"]
[WhiteElo "2033"]
[BlackElo "2183"]
[PlyCount "94"]
[EventDate "2011.10.16"]
[EventType "team-tourn"]
[EventRounds "11"]
[EventCountry "FRA"]
[SourceTitle "EXT 2013"]
[Source "ChessBase"]
[SourceDate "2012.11.22"]
[SourceVersion "1"]
[SourceVersionDate "2012.11.22"]
[SourceQuality "1"]
[WhiteTeam "Sautron"]
[BlackTeam "Migne Auxences"]
[WhiteTeamCountry "FRA"]
[BlackTeamCountry "FRA"]

1. e4 e6 2. d4 d5 3. Nc3 Nc6 4. Bb5 Nf6 5. exd5 exd5 6. Nge2 a6 7. Bd3 Nb4 8. 0-0 Be7 9. Ng3 Nxd3 10. Qxd3 0-0 11. Re1 c6 12. Bg5 b5 13. Nh5 Be6 14. Nf4 Bc8 15. Nh5 Be6 16. Nf4 Bc8 17. Qg3 Bf5 18. h4 Ra7 19. Re5 Bxc2 20. Rae1 Kh8 21. R1e2 Be4 22. f3 b4 23. fxe4 bxc3 24. exd5 cxb2 25. Rxb2 Nxd5 26. Bxe7 Rxe7 27. Nxd5 Rxe5 28. Qxe5 cxd5 29. Rf2 Re8 30. Qf4 f6 31. Rb2 Qd7 32. Qg3 Kg8 33. h5 h6 34. Rf2 Qf7 35. Rf5 Qe6 36. Qf2 Kf7 37. Kh2 Qd6+ 38. Kh3 Re4 39. Rf3 Qe6+ 40. Kh2 Qg4 41. Qg3 Qxh5+ 42. Kg1 Qh4 43. Qc7+ Ke8 44. Qc5 Qg5 45. Qd6 Re1+ 46. Kh2 Qh4+ 47. Rh3 Qxd4 0-1

[Event "Marseille op 4th"]
[Site "Marseille"]
[Date "2011.12.28"]
[Round "6"]
[White "Guedon, Stephane"]
[Black "Gallant, Aurelien"]
[Result "0-1"]
[WhiteElo "2238"]
[BlackElo "2017"]
[PlyCount "116"]
[EventDate "2011.12.26"]
[EventType "swiss"]
[EventRounds "9"]
[EventCountry "FRA"]
[SourceTitle "CBM 146 Extra"]
[Source "ChessBase"]
[SourceDate "2012.02.29"]
[SourceVersion "1"]
[SourceVersionDate "2012.02.29"]
[SourceQuality "1"]

1. d4 d5 2. c4 e6 3. Nf3 Nf6 4. g3 Be7 5. Bg2 0-0 6. 0-0 dxc4 7. Qc2 a6 8. a4 Bd7 9. Qxc4 Bc6 10. Bg5 Bd5 11. Qc2 Be4 12. Qc1 Nc6 13. Nbd2 Nxd4 14. Nxd4 Bxg2 15. Nxe6 fxe6 16. Kxg2 Nd5 17. Bxe7 Qxe7 18. Qc4 Qb4 19. Qxb4 Nxb4 20. Rac1 Rac8 21. Ne4 a5 22. Rfd1 b6 23. Rd7 Na6 24. Rcd1 h6 25. Kf1 Rf7 26. Rxf7 Kxf7 27. Rd7+ Kf8 28. e3 Nb8 29. Rd3 Ke7 30. Rc3 Na6 31. Ke2 Nb4 32. Nd2 Kd7 33. Nc4 Rf8 34. h4 Rf5 35. e4 Rc5 36. b3 Ke7 37. Ke3 Nd5+ 38. exd5 exd5 39. Kd4 dxc4 40. Rxc4 Rxc4+ 41. bxc4 c6 42. Ke5 Kd7 43. h5 Kc7 44. f4 b5 45. cxb5 cxb5 46. axb5 Kb6 47. Kf5 a4 48. Kg6 a3 49. Kxg7 a2 50. f5 a1Q+ 51. f6 Qe5 52. Kxh6 Qxf6+ 53. Kh7 Qg5 54. h6 Qxg3 55. Kh8 Qg6 56. h7 Kc5 57. b6 Qf7 58. b7 Qf8# 0-1

[Event "Rohde op 10th"]
[Site "Sautron"]
[Date "2010.10.30"]
[Round "9"]
[White "Serralta, Michel"]
[Black "Gallant, Aurelien"]
[Result "1-0"]
[WhiteElo "2093"]
[BlackElo "1945"]
[PlyCount "45"]
[EventDate "2010.10.23"]
[EventType "swiss"]
[EventRounds "9"]
[EventCountry "FRA"]
[SourceTitle "EXT 2012"]
[Source "ChessBase"]
[SourceDate "2011.11.24"]
[SourceVersion "1"]
[SourceVersionDate "2011.11.24"]
[SourceQuality "1"]

1. e4 c5 2. Nc3 d6 3. f4 g6 4. Nf3 Bg7 5. Bc4 e6 6. d4 Qa5 7. Bd2 a6 8. e5 Qd8 9. Ne4 d5 10. Nd6+ Kf8 11. Be2 cxd4 12. Bb4 Ne7 13. Ng5 Nbc6 14. Ngxf7 Qc7 15. Bd2 Nf5 16. Nxh8 Nxd6 17. exd6 Qxd6 18. Nxg6+ hxg6 19. 0-0 Bd7 20. Bd3 Ke7 21. Qg4 g5 22. f5 e5 23. Bxg5+ 1-0

[Event "Rohde op 10th"]
[Site "Sautron"]
[Date "2010.10.24"]
[Round "2"]
[White "Gallant, Aurelien"]
[Black "Caroff, Frederic"]
[Result "1-0"]
[WhiteElo "1945"]
[BlackElo "2107"]
[PlyCount "89"]
[EventDate "2010.10.23"]
[EventType "swiss"]
[EventRounds "9"]
[EventCountry "FRA"]
[SourceTitle "EXT 2012"]
[Source "ChessBase"]
[SourceDate "2011.11.24"]
[SourceVersion "1"]
[SourceVersionDate "2011.11.24"]
[SourceQuality "1"]

1. e4 c5 2. Nf3 d6 3. d4 cxd4 4. Nxd4 Nf6 5. Nc3 a6 6. Bg5 e6 7. f4 Be7 8. Qf3 Qc7 9. 0-0-0 Nbd7 10. g4 b5 11. Bxf6 Nxf6 12. g5 Nd7 13. Rg1 b4 14. Nb1 Nc5 15. f5 Bb7 16. Nd2 e5 17. N4b3 Rc8 18. Nxc5 Qxc5 19. Bd3 a5 20. f6 gxf6 21. gxf6 Bf8 22. Qh5 Ba6 23. Qh3 Bh6 24. Rge1 a4 25. Kb1 Bxd3 26. Qxd3 Bxd2 27. Rxd2 Rg8 28. Qxd6 Qxd6 29. Rxd6 Rg2 30. Rb6 Rcxc2 31. Rxb4 Rxh2 32. Rd1 Rhd2 33. Rxd2 Rxd2 34. Rb5 Rd6 35. Rxe5+ Re6 36. Rxe6+ fxe6 37. b4 axb3 38. a4 h5 39. a5 h4 40. a6 h3 41. a7 Kf7 42. a8Q Kxf6 43. Qh8+ Kg5 44. Qxh3 e5 45. Qf5+ 1-0

[Event "Rohde op 09th"]
[Site "Sautron"]
[Date "2009.10.30"]
[Round "8"]
[White "Gallant, Aurelien"]
[Black "Bert, Jerome"]
[Result "1-0"]
[WhiteElo "1931"]
[BlackElo "2145"]
[PlyCount "101"]
[EventDate "2009.10.24"]
[EventType "swiss"]
[EventRounds "9"]
[EventCountry "FRA"]
[SourceTitle "EXT 2010"]
[Source "ChessBase"]
[SourceDate "2010.11.25"]
[SourceVersion "1"]
[SourceVersionDate "2010.11.25"]
[SourceQuality "1"]

1. e4 c5 2. c3 g6 3. d4 cxd4 4. cxd4 d5 5. e5 Bg7 6. Nc3 Nc6 7. Nf3 Bg4 8. Be2 e6 9. 0-0 Nh6 10. Be3 Nf5 11. Qd2 0-0 12. h3 Bxf3 13. Bxf3 Qb6 14. Rfd1 f6 15. Na4 Qb4 16. Qxb4 Nxb4 17. exf6 Bxf6 18. Nc5 Rfe8 19. Rd2 Rac8 20. a3 Nc6 21. Nxe6 Rxe6 22. Bxd5 Nd8 23. Bxe6+ Nxe6 24. d5 Nxe3 25. fxe3 Rd8 26. Rf2 Bg5 27. dxe6 Bxe3 28. Re1 Bxf2+ 29. Kxf2 Rd2+ 30. Re2 Rxe2+ 31. Kxe2 Kf8 32. Ke3 Ke7 33. Kf4 Kxe6 34. Kg5 Kf7 35. Kh6 Kg8 36. h4 Kh8 37. h5 gxh5 38. Kxh5 Kg7 39. Kg5 h6+ 40. Kf5 Kf7 41. b3 a6 42. b4 b5 43. Ke5 Ke7 44. Kd5 Kd7 45. Kc5 Kc7 46. g3 h5 47. Kd5 Kd7 48. Ke5 Ke7 49. Kf5 h4 50. gxh4 Kf7 51. Ke5 1-0

[Event "Pornic op"]
[Site "Pornic"]
[Date "2009.08.??"]
[Round "2"]
[White "Saucey, Michel"]
[Black "Gallant, Aurelien"]
[Result "1-0"]
[WhiteElo "2366"]
[BlackElo "1922"]
[PlyCount "45"]
[EventDate "2009.08.??"]
[EventType "swiss"]
[EventRounds "6"]
[EventCountry "FRA"]
[SourceTitle "EXT 2010"]
[Source "ChessBase"]
[SourceDate "2010.11.25"]
[SourceVersion "1"]
[SourceVersionDate "2010.11.25"]
[SourceQuality "1"]

1. d4 d6 2. e4 g6 3. Nc3 Bg7 4. Be3 c6 5. Qd2 Nd7 6. Nf3 Nb6 7. h3 Qc7 8. Be2 Bd7 9. a4 a5 10. 0-0 Nf6 11. Ng5 h6 12. Nf3 e5 13. dxe5 dxe5 14. Rfd1 Be6 15. Nxe5 Qxe5 16. Bxb6 Nxe4 17. Nxe4 Qxe4 18. Bc5 Bf8 19. Bd4 0-0-0 20. Bf3 Qf5 21. Bg4 Qd5 22. Bxe6+ fxe6 23. Qe2 1-0

[Event "FRA-ch U16"]
[Site "Aix les Bains"]
[Date "2009.04.26"]
[Round "9"]
[White "Ane, Cedric"]
[Black "Gallant, Aurelien"]
[Result "1-0"]
[WhiteElo "2060"]
[BlackElo "1916"]
[PlyCount "53"]
[EventDate "2009.04.19"]
[EventType "swiss"]
[EventRounds "9"]
[EventCountry "FRA"]
[SourceTitle "CBM 130 Extra"]
[Source "ChessBase"]
[SourceDate "2009.07.02"]
[SourceVersion "2"]
[SourceVersionDate "2009.07.15"]
[SourceQuality "1"]

1. e4 c5 2. Nf3 Nc6 3. Bb5 e6 4. Bxc6 bxc6 5. b3 Ne7 6. Bb2 Ng6 7. 0-0 Qc7 8. d4 cxd4 9. Qxd4 d6 10. c4 e5 11. Qc3 Be7 12. c5 0-0 13. cxd6 Bxd6 14. Nbd2 Nf4 15. Rfe1 Ba6 16. Nc4 f6 17. g3 Ne6 18. Rad1 Bc5 19. b4 Bd4 20. Qb3 Bxc4 21. Qxc4 Bxb2 22. Qxe6+ Qf7 23. Qxc6 Qxa2 24. Qd6 Ba3 25. Ra1 Qb3 26. Re3 Bxb4 27. Qxf8+ 1-0

[Event "FRA-chT U20 0809"]
[Site "Sautron"]
[Date "2009.01.04"]
[Round "7.1"]
[White "Muheim, Sebastien"]
[Black "Gallant, Aurelien"]
[Result "1-0"]
[WhiteElo "2019"]
[BlackElo "1902"]
[PlyCount "31"]
[EventDate "2008.10.??"]
[EventType "team-tourn"]
[EventRounds "11"]
[EventCountry "FRA"]
[SourceTitle "EXT 2010"]
[Source "ChessBase"]
[SourceDate "2010.11.25"]
[SourceVersion "1"]
[SourceVersionDate "2010.11.25"]
[SourceQuality "1"]

1. d4 d5 2. c4 e6 3. Nc3 Nf6 4. cxd5 exd5 5. Bg5 Be7 6. e3 0-0 7. Bd3 b6 8. Nge2 Bb7 9. 0-0 Nbd7 10. Rc1 Re8 11. Ng3 c5 12. Nf5 Bf8 13. Qf3 Qc8 14. Qg3 Kh8 15. Nb5 Qb8 16. Bf4 1-0

[Event "FRA-chT U20 0809"]
[Site "Sautron"]
[Date "2009.01.03"]
[Round "5.1"]
[White "Netzer, Jacques"]
[Black "Gallant, Aurelien"]
[Result "1-0"]
[WhiteElo "2146"]
[BlackElo "1902"]
[PlyCount "129"]
[EventDate "2008.10.??"]
[EventType "team-tourn"]
[EventRounds "11"]
[EventCountry "FRA"]
[SourceTitle "EXT 2010"]
[Source "ChessBase"]
[SourceDate "2010.11.25"]
[SourceVersion "1"]
[SourceVersionDate "2010.11.25"]
[SourceQuality "1"]

1. e4 c5 2. Nf3 d6 3. d4 cxd4 4. Nxd4 Nf6 5. Nc3 a6 6. Be2 e5 7. Nb3 Be6 8. Be3 Qc7 9. 0-0 Be7 10. f4 b5 11. Nd5 Bxd5 12. exd5 Nbd7 13. a4 b4 14. a5 0-0 15. Qd3 exf4 16. Rxf4 Ne5 17. Qd2 Rfc8 18. Rc1 Qb7 19. Rd4 Rab8 20. Rd1 Nfd7 21. Qc1 Nc5 22. Nd2 Qc7 23. Qa1 Bd8 24. Ne4 Nxe4 25. Rxe4 Qxa5 26. Qxa5 Bxa5 27. Ra1 Bb6 28. Rxa6 Bxe3+ 29. Rxe3 Rxc2 30. Rxd6 Rc1+ 31. Kf2 f6 32. Rb3 Rc2 33. Ke3 Re8 34. Re6 Rxe6 35. dxe6 Nc6 36. Bf3 Kf8 37. Bxc6 Rxc6 38. Rxb4 Rxe6+ 39. Re4 Ra6 40. Kd3 Kf7 41. b4 Ra3+ 42. Kc4 Ra2 43. Rg4 h5 44. Rg3 h4 45. Rg4 h3 46. gxh3 Rxh2 47. Rg3 f5 48. b5 Ke6 49. b6 Kd6 50. Rg6+ Kd7 51. Rxg7+ Kc8 52. Rh7 f4 53. Kd3 Rb2 54. b7+ Kb8 55. Ke4 Rb4+ 56. Kf3 Ra4 57. h4 Rb4 58. h5 Rb3+ 59. Kxf4 Rb1 60. Rg7 Rh1 61. Kg5 Rg1+ 62. Kf6 Rf1+ 63. Kg6 Rg1+ 64. Kh7 Rd1 65. h6 1-0

[Event "FRA-chT U20 0809"]
[Site "Sautron"]
[Date "2009.01.02"]
[Round "4.1"]
[White "Gallant, Aurelien"]
[Black "Marie, Loic"]
[Result "0-1"]
[WhiteElo "1902"]
[BlackElo "1889"]
[PlyCount "88"]
[EventDate "2008.10.??"]
[EventType "team-tourn"]
[EventRounds "11"]
[EventCountry "FRA"]
[SourceTitle "EXT 2010"]
[Source "ChessBase"]
[SourceDate "2010.11.25"]
[SourceVersion "1"]
[SourceVersionDate "2010.11.25"]
[SourceQuality "1"]

1. e4 e6 2. d4 d5 3. Nc3 Bb4 4. e5 c5 5. a3 Bxc3+ 6. bxc3 Ne7 7. Qg4 Ng6 8. h4 h5 9. Qg3 Nc6 10. Nf3 Nce7 11. Bd3 Qa5 12. Bd2 c4 13. Bxg6 Nxg6 14. 0-0 Bd7 15. Rfb1 0-0-0 16. Ng5 Be8 17. Nh3 Ba4 18. Rb2 Qc7 19. Ng5 Qd7 20. Rab1 b6 21. Ra2 Rdf8 22. Rb4 Ne7 23. Rab2 Kc7 24. f4 Nc6 25. Rxa4 a5 26. f5 Nd8 27. Rxc4+ dxc4 28. Ne4 Qc6 29. Nd6 g6 30. f6 Nb7 31. Nb5+ Kb8 32. Qe1 Rd8 33. Qb1 Rd7 34. a4 Nc5 35. Be1 Ne4 36. Nd6 Nxd6 37. Rxb6+ Rb7 38. Rxc6 Rxb1 39. exd6 Rxe1+ 40. Kf2 Rb1 41. Rc7 Rb7 42. Rxc4 Rc8 43. Rxc8+ Kxc8 44. c4 Rb2 0-1